书目信息 |
| 题名: |
地理学
|
|
| 作者: | 沙学浚 主编 | |
| 分册: | ||
| 出版信息: | 台湾 商务印书馆 1949 |
|
| 页数: | 1册 | |
| 开本: | 26cm | |
| 丛书名: | 云五社会科学大辞典 | |
| 单 册: | ||
| 中图分类: | K90 | |
| 科图分类: | ||
| 主题词: | 地理 | |
| 电子资源: | ||
| ISBN: | ||
| 000 | 00613nam0 2200217 450 | |
| 001 | 0660582062 | |
| 005 | 20060810165715.92 | |
| 100 | @a20060810d1949 km y0chiy0120 ea | |
| 101 | 0 | @achi |
| 102 | @aCN@b110000 | |
| 200 | 1 | @a地理学@Adi li xue@f沙学浚主编@Fsha xue jun zhu bian |
| 210 | @a台湾@c商务印书馆@d1949 | |
| 215 | @a1册@d26cm | |
| 225 | 2 | @a云五社会科学大辞典@v第十一册 |
| 300 | @a名誉总编王云五 | |
| 410 | 0 | @12001 @a云五社会科学大辞典@1701 0@a第十一册@Adi shi yi ce |
| 606 | 0 | @a地理 |
| 690 | @aK90@v3 | |
| 701 | 0 | @a沙学浚@Asha xue jun@4主编 |
| 801 | 0 | @aCN@bPFT@c20060810 |
| 905 | @a10447@dK90@e122 | |
| 地理学/沙学浚主编.-台湾:商务印书馆,1949 |
| 1册;26cm.-(云五社会科学大辞典;第十一册) |
| 名誉总编王云五 |
| ISBN : |
| ● |
| 相关链接 |
|
|
|
|
正题名:地理学
索取号:K90/122
 
预约/预借
| 序号 | 登录号 | 条形码 | 馆藏地/架位号 | 状态 | 备注 |
| 1 | 0455422 | 204554222 | 密集书库/ [索取号:K90/122] | 在馆 |